| 000 | 00767nam a22002417a 4500 | ||
|---|---|---|---|
| 003 | URS | ||
| 005 | 20240418211734.0 | ||
| 008 | 231003t2022 |||||||| |||| 00| 0 eng d | ||
| 020 | _a9786214182534 | ||
| 040 |
_cURS _erda |
||
| 050 | 1 | 4 |
_aBF 721 _bP361 2022 |
| 100 | 1 | _aPelayo, Jose Maria III G. | |
| 245 | 1 |
_aIntroduction to psychology, _b Psych 101 _cProf. Jose Maria G. Pelayo III. |
|
| 250 | _a Second edition. | ||
| 264 | 1 |
_aQuezon City, Philippines : _bWiseman's Books Trading, Inc., _c2022 |
|
| 264 | 4 | _c2022 | |
| 300 |
_aii, 153 pages : _billustrations; _c 24 cm |
||
| 336 |
_2rdacontent _atext |
||
| 337 |
_2rdamedia _aunmediated |
||
| 338 |
_2rdacarrier _avolume |
||
| 504 | _aIncludes bibliographical references and index. | ||
| 942 |
_2lcc _cFR |
||
| 999 |
_c78208 _d78207 |
||